000 nam a22 7a 4500
999 _c7375
_d7375
008 170819b xxu||||| |||| 00| 0 eng d
100 _93907
_aGupata.R
245 _aProject work in Economics Class 12
260 _aNew Delhi
_bGeeta publishing house
_c20017